Crayola 64 Colors Box Colors - Sudden Death - Statistics

General Stats
  • This quiz has been taken 50 times
  • The average score is 19 of 30
Answers on the Grid
Answers color-coded by a green-red scale on the quiz's grid according to % correct below.
Red
Orange
Yellow
Green
Blue
Purple
Pink
Black
Brown
White
Gray
Red-Violet
Red-Orange
Tickle Me Pink
Silver
Gold
Pacific Blue
Sepia
Salmon
Carnation Pink
Mahogany
Burnt Siena
Brick Red
Asparagus
Burnt Orange
Timberwolf
Bittersweet
Magenta
Wisteria
Cadet Blue
Appalachian Green
Deep Sea Blue
Amethyst
Deep Lavender
Cinnamon Roll
Burnt Scarlet
Garden Green
Luscious Purple
Green Grapes
Medium Tangerine Orange
Purple Cave Majesty
Royal Red
Wild Raspberry
Volcanic Red
Firetruck Red
Deep Periwinkle
Bright Pink
Swampy Green
Moonless Blue
Bubblegum Pink
 
Answer Stats
Answer % Correct
Gray
87%
Gold
83%
Orange
83%
Yellow
83%
Black
80%
Brown
80%
Green
80%
Red
80%
Salmon
80%
White
80%
Magenta
77%
Silver
77%
Blue
73%
Burnt Siena
70%
Purple
70%
Red-Orange
70%
Burnt Orange
67%
Red-Violet
67%
Brick Red
63%
Carnation Pink
60%
Pink
60%
Mahogany
57%
Sepia
57%
Bittersweet
43%
Pacific Blue
43%
Cadet Blue
40%
Wisteria
30%
Asparagus
20%
Tickle Me Pink
20%
Timberwolf
7%
No matching quizzes found
Score Distribution
Percent of People with Each Score
Percentile by Number Answered
Your Score History
You have not taken this quiz